Hargreaves : The Alchemy Of Landscape Architecture (Record no. 15806)

MARC details
000 -LEADER
fixed length control field 00378nam a2200145Ia 4500
008 - FIXED-LENGTH DATA ELEMENTS--GENERAL INFORMATION
fixed length control field 220803s9999 xx 000 0 und d
020 ## - INTERNATIONAL STANDARD BOOK NUMBER
International Standard Book Number 9780500514993
041 ## - LANGUAGE CODE
Language code of text/sound track or separate title eng
082 ## - DEWEY DECIMAL CLASSIFICATION NUMBER
Classification number 712 HAR
100 ## - MAIN ENTRY--PERSONAL NAME
Personal name Hargreaves G
9 (RLIN) 24925
245 ## - TITLE STATEMENT
Title Hargreaves : The Alchemy Of Landscape Architecture
260 ## - PUBLICATION, DISTRIBUTION, ETC. (IMPRINT)
Place of publication, distribution, etc. New York
Name of publisher, distributor, etc. Thames And Hudson
Date of publication, distribution, etc. 2014
300 ## - PHYSICAL DESCRIPTION
Extent 300p
500 ## - GENERAL NOTE
Keywords LANDS
Holdings
Withdrawn status Lost status Damaged status Not for loan Collection code Home library Current library Date acquired Vendor Cost, normal purchase price Full call number Barcode Date last seen Cost, replacement price Bill Date Koha item type Original Barcode
      Reference Book of B Arch Dr. Bhanuben Nanavati College of Architecture Dr. Bhanuben Nanavati College of Architecture 09/07/2015 Word Book 2942.10 712 HAR BNCA-BK-9328 03/08/2022 2942.10 02/07/2015 Reference book B09328